Cole : (Record no. 31253)
[ view plain ]
| 000 -LEADER | |
|---|---|
| fixed length control field | 01434cam a2200409Ia 4500 |
| 001 - CONTROL NUMBER | |
| control field | 727710133 |
| 003 - CONTROL NUMBER IDENTIFIER | |
| control field | OCoLC |
| 005 - DATE AND TIME OF LATEST TRANSACTION | |
| control field | 20251204073115.0 |
| 008 - FIXED-LENGTH DATA ELEMENTS--GENERAL INFORMATION | |
| fixed length control field | 110529s2012 nyu j 000 1 eng d |
| 020 ## - INTERNATIONAL STANDARD BOOK NUMBER | |
| International Standard Book Number | 9780329912550 (FollettBound) |
| 020 ## - INTERNATIONAL STANDARD BOOK NUMBER | |
| International Standard Book Number | 9780545369930 (pbk.) : |
| Terms of availability | $4.99 |
| 020 ## - INTERNATIONAL STANDARD BOOK NUMBER | |
| International Standard Book Number | 0545369932 (pbk.) |
| 035 ## - SYSTEM CONTROL NUMBER | |
| System control number | (OCoLC)727710133 |
| 040 ## - CATALOGING SOURCE | |
| Original cataloging agency | BTCTA |
| Language of cataloging | eng |
| Transcribing agency | BTCTA |
| Modifying agency | CQU |
| -- | JP3 |
| -- | BDX |
| -- | WZ9 |
| -- | SX@ |
| 049 ## - LOCAL HOLDINGS (OCLC) | |
| Holding library | SX@A |
| 082 04 - DEWEY DECIMAL CLASSIFICATION NUMBER | |
| Classification number | Fic] |
| Edition number | 23 |
| 099 ## - LOCAL FREE-TEXT CALL NUMBER (OCLC) | |
| Classification number | Farshtey, G. |
| 100 1# - MAIN ENTRY--PERSONAL NAME | |
| Personal name | Farshtey, Greg. |
| 245 00 - TITLE STATEMENT | |
| Title | Cole : |
| Remainder of title | ninja of Earth / |
| Statement of responsibility, etc. | by Greg Farshtey . |
| 260 ## - PUBLICATION, DISTRIBUTION, ETC. (IMPRINT) | |
| Place of publication, distribution, etc. | New York : |
| Name of publisher, distributor, etc. | Scholastic, |
| Date of publication, distribution, etc. | c2012. |
| 300 ## - PHYSICAL DESCRIPTION | |
| Extent | 76 p. ; |
| Dimensions | 20 cm. |
| 490 1# - SERIES STATEMENT | |
| Series statement | LEGO Ninjago. |
| 500 ## - GENERAL NOTE | |
| General note | "LEGO Ninjago" - front cover. |
| 500 ## - GENERAL NOTE | |
| General note | "Two stories in one!" - front cover. |
| 505 0# - FORMATTED CONTENTS NOTE | |
| Formatted contents note | From the journal of Sensei Wu -- The real hero -- The phantom ninja. |
| 520 ## - SUMMARY, ETC. | |
| Summary, etc. | Cole, a member of Sensei Wu's team of ninja warriors, must keep his fellow ninjas' egos in check as he strives to unite the warriors and lead them on their dangerous missions. |
| 521 8# - TARGET AUDIENCE NOTE | |
| Target audience note | 700L |
| Source | Lexile. |
| 526 0# - STUDY PROGRAM INFORMATION NOTE | |
| Program name | Accelerated Reader AR |
| Interest level | LG |
| Reading level | 4.7 |
| Title point value | 1.0 |
| Public note | 148476. |
| 526 0# - STUDY PROGRAM INFORMATION NOTE | |
| Program name | Accelerated Reader AR |
| Interest level | LG |
| Reading level | 4.7 |
| Title point value | 1 |
| Public note | 148476. |
| 590 ## - LOCAL NOTE (RLIN) | |
| Local note | jrdfic03/12. |
| 650 #0 - SUBJECT ADDED ENTRY--TOPICAL TERM | |
| Topical term or geographic name as entry element | Ninja |
| Form subdivision | Juvenile fiction. |
| 650 #0 - SUBJECT ADDED ENTRY--TOPICAL TERM | |
| Topical term or geographic name as entry element | Training |
| Form subdivision | Juvenile fiction. |
| 650 #0 - SUBJECT ADDED ENTRY--TOPICAL TERM | |
| Topical term or geographic name as entry element | LEGO toys |
| Form subdivision | Juvenile fiction. |
| 830 #0 - SERIES ADDED ENTRY--UNIFORM TITLE | |
| Uniform title | LEGO Ninjago. |
| 907 ## - LOCAL DATA ELEMENT G, LDG (RLIN) | |
| a | .b1519405x |
| 942 ## - ADDED ENTRY ELEMENTS (KOHA) | |
| Koha item type | Libro/Book |
| Withdrawn status | Lost status | Damaged status | Not for loan | Home library | Current library | Date acquired | Total Checkouts | Full call number | Barcode | Date last seen | Date checked out | Price effective from | Koha item type |
|---|---|---|---|---|---|---|---|---|---|---|---|---|---|
| San Juan Del Sur -- Biblioteca | San Juan Del Sur -- Biblioteca | 04/12/2025 | 1 | JF | 30023636 | 21/03/2026 | 03/01/2026 | 04/12/2025 | Libro/Book |